000 00650nam a2200217Ia 4500
008 191130s2016##################000#0#eng##
020 _a9781680942064
040 _aACL
_cACL
082 _a332.0151922 SMI
245 _aProblems and solutions in mathematical finance
_cEditor James Smith
260 _aNew York
_bArcler Press
_c2016
300 _ax, 198 p. : ill. ; 25 cm
650 _aComputation and analysis
650 _aMathematical Finance
650 _aNumerical solution
650 _aProblem and Solution Mathematics
700 _aSmith, James
990 _aa04c52e1ac100b4558134e47d778a171
991 _a453823
999 _c44341
_d44341